Micro satellites to revolutionise disaster monitoring (Record no. 73376)

MARC details
000 -LEADER
fixed length control field 01027cam a2200181 4500
001 - CONTROL NUMBER
control field WB3934-13
008 - FIXED-LENGTH DATA ELEMENTS--GENERAL INFORMATION
fixed length control field 030910n2003 000 0 eng u
035 ## - SYSTEM CONTROL NUMBER
System control number (Sirsi) u123541
245 ## - TITLE STATEMENT
Title Micro satellites to revolutionise disaster monitoring
260 ## - PUBLICATION, DISTRIBUTION, ETC.
Date of publication, distribution, etc. 2003
490 ## - SERIES STATEMENT
Series statement DTI Press Release
Volume/sequential designation (P/20003/465) 8 September 2003 (2)
520 ## - SUMMARY, ETC.
Summary, etc. New micro satellites developed by UK firm Surrey Satellite Technology Ltd are set to improve the monitoring and management of natural and man-made disasters. The Disaster Monitoring Constellation (DMC) will provide frequent and reliable earth observation images to international relief agencies. Three satellites in the constellation are due to be launched in September, with the final DMC satellite launched in 2005. http://www.gnn.gov.uk/gnn/national.nsf/TI/8D1804629E62DA3B80256D9B00422A26?opendocument
590 ## - LOCAL NOTE (RLIN)
Local note WB
650 ## - SUBJECT ADDED ENTRY--TOPICAL TERM
Topical term or geographic name entry element EO SATELLITES
650 ## - SUBJECT ADDED ENTRY--TOPICAL TERM
Topical term or geographic name entry element MANAGEMENT-RICS PRESIDENT'S COMMISSION ON MAJOR DISASTER MANAGMENT
690 ## - LOCAL SUBJECT ADDED ENTRY--TOPICAL TERM (OCLC, RLIN)
Topical term or geographic name as entry element Geomatics
9 (RLIN) 6242
942 ## - ADDED ENTRY ELEMENTS (KOHA)
Suppress in OPAC 0
Holdings
Withdrawn status Lost status Source of classification or shelving scheme Damaged status Not for loan Home library Current library Shelving location Date acquired Total Checkouts Full call number Barcode Date last seen Copy number Price effective from Koha item type
    Dewey Decimal Classification     London London News article 10/09/2003   WB3934-13 123541-1001 06/08/2019 1 06/08/2019 News article